000 00978nam a22003257a 4500
001 BR0400877
003 BR-BrBNA
005 20230928101510.0
007 ta
008 230509b bl.||||| |||| 00| 0 por d
040 _aBR-BrBNA
_bpor
_cBiblioteca Nacional de Agricultura
041 _a(Por)
072 _aF61; P33
_b3240
090 _ 3240 BR0400877
100 1 _aCarvalho, R.
110 1 _aUniversidade Federal de Lavras, MG (Brasil)
_0Tese (Doutorado)
245 1 _aInterações silício-fósforo em latossolo vermelho-escuro e cambissolo cultivados com mudas de eucalipto
260 3 _aLavras, MG (Brasil):
_c1999.
300 _a87 p.
500 _aSummaries (Eng, Por); Bibliography p. 74-82; 27 tables; 15 illus.
650 _aEUCALIPTO
650 _aLATOSSOLO VERMELHO ESCURO
650 _aCAMBISSOLO
650 _aMUDA
650 _aSILÍCIO
650 _aFÓSFORO
650 _aADSORÇÃO
909 _a202309
_bLucia
_c55
_dLucia Elande
942 _cBK
999 _c66123
_d66123